| 000 | 00980nam a22003737a 4500 | ||
|---|---|---|---|
| 005 | 20241015141229.0 | ||
| 008 | 150303b xxu||||| |||| 00| 0 ES d | ||
| 020 | _a9789684444881 | ||
| 041 | _aspa | ||
| 082 | _a658.3 D475a | ||
| 100 |
_aDessler, Gary _93371 |
||
| 245 | _aAdministración de personal | ||
| 250 | _a8 edición | ||
| 260 | _aMéxico | ||
| 260 | _bPearson | ||
| 260 | _c2001 | ||
| 300 | _a700 páginas | ||
| 650 | _aADMINISTRACIÓN DE PERSONAL | ||
| 650 | _aRECURSOS HUMANOS | ||
| 650 | _aRECLUTAMIENTO | ||
| 650 | _aCONTRATACIÓN | ||
| 650 | _aANÁLISIS DE PUESTOS | ||
| 650 | _aPRUEBAS DE SELECCIÓN | ||
| 650 | _aCAPACITACIÓN | ||
| 650 | _aDESARROLLO DE EMPLEADOS | ||
| 650 | _aEVALUACIÓN DEL DESEMPEÑO | ||
| 650 | _aCOMPENSACIONES | ||
| 650 | _aPRESTACIONES | ||
| 650 | _aRELACIONES LABORALES | ||
| 650 | _aSEGURIDAD DE LOS EMPLEADOS | ||
| 650 | _aSALUD DE LOS EMPLEADOS | ||
| 650 | _aPERSONAL INTERNACIONAL | ||
| 942 | _cBK | ||
| 999 |
_c3558 _d3558 |
||